|
|
|
|
| LEADER |
01591nam a2200385 a 4500 |
| 001 |
31059 |
| 003 |
BD-DhAAL |
| 005 |
20230525140828.0 |
| 008 |
160406s2015 enk b 001 0 eng |
| 020 |
|
|
|a 9780521344387
|
| 020 |
|
|
|z 9780521348881
|
| 040 |
|
|
|a DLC
|c DLC
|d DLC
|d BD-DhAAL
|
| 041 |
1 |
|
|a eng
|
| 050 |
0 |
0 |
|a K230.H43
|b G7813 1991
|
| 082 |
0 |
0 |
|a 320.11
|2 20
|
| 100 |
1 |
|
|a Hegel, Georg Wilhelm Friedrich,
|d 1770-1831.
|9 19037
|
| 240 |
1 |
0 |
|a Grundlinien der Philosophie des Rechts.
|l English
|
| 245 |
1 |
0 |
|a Elements of the philosophy of right /
|c G.W.F. Hegel ; edited by Allen W. Wood ; translated by H.B. Nisbet.
|
| 260 |
|
|
|a Cambridge [England] ;
|a New York :
|b Cambridge University Press,
|c 1991 [20th printing]
|
| 300 |
|
|
|a lii, 514 p. ;
|c 22 cm.
|
| 490 |
|
|
|a Cambridge texts in the history of political thought
|
| 500 |
|
|
|a Translation of: Grundlinien der Philosophie des Rechts.
|
| 504 |
|
|
|a Includes bibliographical references (p. 496-499) and indexes.
|
| 541 |
|
|
|e 31059
|
| 650 |
|
0 |
|a Law
|x Philosophy.
|9 19038
|
| 650 |
|
0 |
|a Natural law.
|9 19039
|
| 650 |
|
0 |
|a State, The.
|9 19040
|
| 650 |
|
0 |
|a Political science.
|9 19041
|
| 650 |
|
0 |
|a Ethics.
|9 19042
|
| 700 |
1 |
|
|a Wood, Allen W.
|9 19043
|
| 700 |
1 |
|
|a Nisbet, H. B.
|q (Hugh Barr)
|9 19044
|
| 856 |
4 |
1 |
|3 Table of contents
|u http://www.loc.gov/catdir/toc/cam022/90021617.html
|
| 942 |
|
|
|2 ddc
|c BK
|
| 999 |
|
|
|c 37358
|d 37358
|
| 952 |
|
|
|0 0
|1 0
|2 ddc
|4 0
|6 320_110000000000000_HEG
|7 0
|9 58683
|a BRACUL
|b BRACUL
|c GEN
|d 2016-03-23
|e Paragon Enterprises Ltd.
|g 1916.00
|l 2
|m 25
|o 320.11 HEG
|p 3010031059
|r 2025-05-22
|s 2025-05-12
|t 1
|v 1916.00
|w 2016-03-23
|y BK
|